Môj veľký obrázkový slovník (Record no. 21598)
[ view plain ]
| 000 -LEADER | |
|---|---|
| fixed length control field | 01545nam a22004335a 4500 |
| 001 - CONTROL NUMBER | |
| control field | 21598 |
| 003 - CONTROL NUMBER IDENTIFIER | |
| control field | VRT |
| 005 - DATE AND TIME OF LATEST TRANSACTION | |
| control field | 20260306134533.0 |
| 008 - FIXED-LENGTH DATA ELEMENTS--GENERAL INFORMATION | |
| fixed length control field | 151112s2011 xo a a 000 0 slo |
| 015 ## - NATIONAL BIBLIOGRAPHY NUMBER | |
| National bibliography number | SNBA2012/05-02668 |
| 020 ## - INTERNATIONAL STANDARD BOOK NUMBER | |
| International Standard Book Number | 9788081073915 |
| 035 ## - SYSTEM CONTROL NUMBER | |
| System control number | 5E21CC2B-002C-4EBF-BC91-F655152AC681 |
| 035 ## - SYSTEM CONTROL NUMBER | |
| System control number | urn:nbn:sk:snk-amjxtx |
| 035 ## - SYSTEM CONTROL NUMBER | |
| System control number | urn:nbn:sk:snk-am007xuy |
| 039 #9 - LEVEL OF BIBLIOGRAPHIC CONTROL AND CODING DETAIL [OBSOLETE] | |
| Level of rules in bibliographic description | 201511121723 |
| Level of effort used to assign nonsubject heading access points | VLOAD |
| Level of effort used to assign subject headings | 201507071640 |
| Level of effort used to assign classification | VLOAD |
| Level of effort used to assign subject headings | 201210110938 |
| Level of effort used to assign classification | msavuk30 |
| Level of effort used to assign subject headings | 201208280852 |
| Level of effort used to assign classification | msnk38 |
| 040 ## - CATALOGING SOURCE | |
| Original cataloging agency | SNK |
| Language of cataloging | slo |
| Transcribing agency | SNK |
| Description conventions | AACR2 |
| 041 1# - LANGUAGE CODE | |
| Language code of text/sound track or separate title | slo |
| Language code of original | eng |
| 044 ## - COUNTRY OF PUBLISHING/PRODUCING ENTITY CODE | |
| MARC country code | xo |
| ISO country code | SK |
| 072 #7 - SUBJECT CATEGORY CODE | |
| Subject category code | 821-93 |
| Subject category code subdivision | Literatúra pre deti a mládež (beletria) |
| Source | konspekt |
| 080 ## - UNIVERSAL DECIMAL CLASSIFICATION NUMBER | |
| Universal Decimal Classification number | 821-93 |
| Edition identifier | 2001 |
| 080 ## - UNIVERSAL DECIMAL CLASSIFICATION NUMBER | |
| Universal Decimal Classification number | (0.025.2) |
| Edition identifier | 2001 |
| 240 10 - UNIFORM TITLE | |
| Uniform title | Ein Besuch im ZOO |
| Language of a work | Slovensky |
| 245 10 - TITLE STATEMENT | |
| Title | Môj veľký obrázkový slovník |
| Remainder of title | návšteva v ZOO |
| Statement of responsibility, etc. | [námet a koncepcia: Monika Eisele ; ilustrácie: Anne Suess ; text: Ute Haderlein ; preklad: Renáta Javorská] |
| 250 ## - EDITION STATEMENT | |
| Edition statement | 1. slov. vyd. |
| 260 ## - PUBLICATION, DISTRIBUTION, ETC. | |
| Place of publication, distribution, etc. | Bratislava |
| Name of publisher, distributor, etc. | Svojtka & Co. |
| Date of publication, distribution, etc. | 2011 |
| 300 ## - PHYSICAL DESCRIPTION | |
| Extent | [10] s. |
| Other physical details | fareb. ilustr. |
| Dimensions | 27 cm |
| 655 #7 - INDEX TERM--GENRE/FORM | |
| Genre/form data or focus term | publikácie pre deti |
| Source of term | SNKPH |
| 655 #7 - INDEX TERM--GENRE/FORM | |
| Genre/form data or focus term | leporelá |
| Source of term | SNKPH |
| 700 1# - ADDED ENTRY--PERSONAL NAME | |
| Personal name | Eisele, Monika |
| Relationship | oth |
| 700 1# - ADDED ENTRY--PERSONAL NAME | |
| Personal name | Suess, Anne |
| Relationship | ill |
| 700 1# - ADDED ENTRY--PERSONAL NAME | |
| Personal name | Haderlein, Ute |
| Relationship | aut |
| 700 1# - ADDED ENTRY--PERSONAL NAME | |
| Personal name | Javorská, Renáta |
| Relationship | trl |
| 942 ## - ADDED ENTRY ELEMENTS (KOHA) | |
| Source of classification or shelving scheme | Dewey Decimal Classification |
| Koha item type | Krásna literatúra pre deti |
| Suppress in OPAC | No |
| 949 ## - LOCAL PROCESSING INFORMATION (OCLC) | |
| 6 | 17A0835126 |
| a | snkSB 82383 |
| b | snk2012/1767 |
| o | 2594/11 |
| s | 6100:20140925 |
| 949 ## - LOCAL PROCESSING INFORMATION (OCLC) | |
| 6 | 17A0835127 |
| a | snkSB 82383 D1 |
| b | snk2012/1768 |
| o | 2594/11 |
| 949 ## - LOCAL PROCESSING INFORMATION (OCLC) | |
| 6 | 2889187153 |
| a | savukPV 16696 |
| b | savuk2012/3187 |
| 980 ## - EQUIVALENCE OR CROSS-REFERENCE-SERIES STATEMENT--PERSONAL NAME/TITLE [LOCAL, CANADA] | |
| Personal name | 087.5 |
| 980 ## - EQUIVALENCE OR CROSS-REFERENCE-SERIES STATEMENT--PERSONAL NAME/TITLE [LOCAL, CANADA] | |
| Personal name | (0.025.2) |
| Stav vyradenia | Strata | Poškodenie | Spôsob nadobudnutia | Domovská knižnica | Aktuálna knižnica | Dátum nadobudnutia | Cena | Total checkouts | Čiarový kód exemplára | Date last seen | Typ exemplára |
|---|---|---|---|---|---|---|---|---|---|---|---|
| Kúpa | Obecná knižnica Horná Štubňa | Obecná knižnica Horná Štubňa | 06.03.2026 | 2.99 | 9788081073915 | 06.03.2026 | Krásna literatúra pre deti |
